| 000 | 00468nam a2200169 i 4500 | ||
|---|---|---|---|
| 001 | 18272 | ||
| 003 | ES-MaACL | ||
| 005 | 20230906151810.0 | ||
| 007 | t| | ||
| 008 | 011022s1967 xxu ||||1| spa d | ||
| 080 | _a821.134.2-34"19" | ||
| 100 | 1 |
_aOrtega, Juan Pablo. _987414 |
|
| 245 | 1 | 0 |
_aCuentos de morir / _cJuan Pablo Ortega. |
| 260 |
_aNew York : _bLas Americas Publishing Co., _c[1967] |
||
| 300 |
_a169 p. ; _c21 cm. |
||
| 852 |
_aES-MaACL _jC-35044 _bR.67544 |
||
| 999 |
_c18272 _d18272 |
||